| 000 | 00343nam a2200133Ia 4500 | ||
|---|---|---|---|
| 008 | 240624s9999 xx 000 0 und d | ||
| 041 | _aeng | ||
| 082 | _a519.5 LEV | ||
| 100 | _aLEVIN RICHARD I | ||
| 245 | _aSTATISTICS FOR MANAGEMENT | ||
| 250 | _a(7th ed.) | ||
| 260 |
_c2004 _aNew Delhi _bPrentice-Hall |
||
| 300 | _axvi, : 1026 : p. : cm. ; 26 | ||
| 999 |
_c5186 _d5186 |
||